[Event "41st NED-ch"]
[Site "Hilversum NED"]
[Date "1985.06.20"]
[Round "6"]
[White "Douven, Rudy"]
[Black "Bohm, Hans"]
[Result "1-0"]
[WhiteElo "2350"]
[BlackElo "2435"]
[EventDate "1985.06.14"]
[PlyCount "187"]

1.Nf3 f5 2.g3 b5 3.Bg2 Bb7 4.O-O Nf6 5.d3 e6 6.Nbd2 Be7 7.e4 fxe4 8.dxe4 
O-O 9.Re1 a5 10.e5 Nd5 11.Ne4 h6 12.c3 Nc6 13.Be3 Nxe3 14.Rxe3 Qe8 15.Qd3 
b4 16.Rd1 Rxf3 17.Bxf3 Nxe5 18.Qd4 Nxf3+ 19.Rxf3 Qh5 20.Rfd3 Bc6 21.Qe3 
Rf8 22.f3 Qe5 23.Re1 Bd5 24.Kg2 bxc3 25.bxc3 Rb8 26.Rd2 a4 27.Qd4 Qxd4 28.
cxd4 Rb4 29.Kf2 a3 30.Ke3 Rc4 31.Rb1 Kf7 32.Kd3 g5 33.g4 Ra4 34.Rc2 c6 35.
Rb8 Ra7 36.Nc3 Bd6 37.Rb1 Ra8 38.Nxd5 cxd5 39.Rh1 Ke7 40.h4 Rf8 41.hxg5 
hxg5 42.Rh7+ Kd8 43.Ke3 Bb4 44.Rc1 Ba5 45.Rb1 Kc7 46.Rhh1 Kd6 47.Rb3 Ra8 
48.Rh5 Rg8 49.Rxa3 Bb6 50.Rb3 Ba7 51.Rb7 Bb8 52.Rh1 Kc6 53.Rhb1 Bc7 54.Ra7
Bf4+ 55.Kd3 Rh8 56.Rab7 Kd6 57.R7b2 Ra8 58.Rc2 Ra4 59.Rb3 Ke7 60.a3 Bd6 
61.Ra2 Kd8 62.Ke3 Bf4+ 63.Ke2 Bd6 64.Rd3 Be7 65.Kd2 Bf6 66.Ke3 Ke8 67.Rb2 
Be7 68.Rbb3 Bd6 69.Kd2 Ke7 70.Kc2 Ra8 71.Kb2 Rh8 72.Ka2 Ra8 73.Rb1 Kf6 74.
Ra1 Rb8 75.Rb3 Ra8 76.Kb1 Ra4 77.Rd3 e5 78.dxe5+ Kxe5 79.Kc2 d4 80.Kb3 Ra6
81.a4 Rb6+ 82.Kc2 Rc6+ 83.Kd1 Bb4 84.Rb3 Bc3 85.Raa3 Ra6 86.Ke2 d5 87.a5 
Kf4 88.Rb6 Rxa5 89.Rxa5 Bxa5 90.Rf6+ Kg3 91.Rf5 d3+ 92.Kxd3 Bc7 93.Ke2 d4 
94.Rd5 1-0

[Event "41st NED-ch"]
[Site "Hilversum NED"]
[Date "1985.06.20"]
[Round "6"]
[White "Gelpke, Peter"]
[Black "Ree, Hans"]
[Result "0-1"]
[WhiteElo "2355"]
[BlackElo "2455"]
[EventDate "1985.06.14"]
[PlyCount "58"]

1.d4 d5 2.c4 dxc4 3.Nf3 Nf6 4.Nc3 c6 5.e3 b5 6.a4 b4 7.Nb1 Ba6 8.Qc2 b3 9.
Qd1 e6 10.Ne5 c5 11.Be2 cxd4 12.exd4 Bb4+ 13.Bd2 Bxd2+ 14.Qxd2 O-O 15.O-O 
Qc7 16.Rc1 Rc8 17.Na3 Nc6 18.Bf3 Nd5 19.Naxc4 Ncb4 20.Na5 f6 21.Nec6 Nxc6 
22.Nxc6 Qd6 23.Na5 Rab8 24.Rxc8+ Bxc8 25.Rc1 Bd7 26.Nc4 Qb4 27.a5 Rc8 28.
Qxb4 Nxb4 29.Be2 Bb5 0-1

[Event "41st NED-ch"]
[Site "Hilversum NED"]
[Date "1985.06.20"]
[Round "6"]
[White "Ligterink, Gert"]
[Black "Welling, Gerard"]
[Result "1/2-1/2"]
[WhiteElo "2450"]
[BlackElo "2350"]
[EventDate "1985.06.14"]
[PlyCount "56"]

1.d4 c5 2.d5 e5 3.Nc3 d6 4.e4 a6 5.a4 Be7 6.Nf3 Bg4 7.g3 Bxf3 8.Qxf3 Bg5 
9.Bxg5 Qxg5 10.Bg2 Ne7 11.O-O O-O 12.Qe2 Nd7 13.a5 g6 14.Ra3 f5 15.exf5 
gxf5 16.f4 Qg7 17.Rb3 Rab8 18.Nd1 e4 19.Ne3 Nf6 20.Rd1 Qg6 21.Bh3 h5 22.
Kh1 Ng4 23.Bxg4 hxg4 24.Nc4 Rf7 25.Rb6 Rf6 26.Qd2 Nc8 27.Rb3 Na7 28.Rb6 
Nc8 1/2-1/2

[Event "41st NED-ch"]
[Site "Hilversum NED"]
[Date "1985.06.20"]
[Round "6"]
[White "Van der Wiel, John"]
[Black "Langeweg, Christian"]
[Result "1/2-1/2"]
[WhiteElo "2500"]
[BlackElo "2390"]
[EventDate "1985.06.14"]
[PlyCount "43"]

1.e4 c5 2.Nf3 e6 3.d4 cxd4 4.Nxd4 Nc6 5.Nc3 Qc7 6.Be3 a6 7.Qd2 Nf6 8.f3 
Nxd4 9.Bxd4 e5 10.Bf2 Bb4 11.a3 Bxc3 12.Qxc3 Qxc3+ 13.bxc3 d6 14.c4 Nd7 
15.Be2 Ke7 16.Kd2 Nc5 17.Rhb1 Rb8 18.a4 Bd7 19.a5 Bc6 20.Kc3 Rbc8 21.Rd1 
Bd7 22.Rab1 1/2-1/2

[Event "41st NED-ch"]
[Site "Hilversum NED"]
[Date "1985.06.21"]
[Round "7"]
[White "Bohm, Hans"]
[Black "Ligterink, Gert"]
[Result "0-1"]
[WhiteElo "2435"]
[BlackElo "2450"]
[EventDate "1985.06.14"]
[PlyCount "76"]

1.d4 Nf6 2.c3 g6 3.Bg5 Bg7 4.Nd2 O-O 5.e3 d6 6.Bd3 Nbd7 7.Ne2 b6 8.a4 Bb7 
9.O-O a6 10.b4 e5 11.Qb3 Qe7 12.Rac1 e4 13.Bb1 h6 14.Bh4 g5 15.Bg3 a5 16.
bxa5 Rxa5 17.c4 Nh5 18.Nc3 Ndf6 19.Qc2 Nxg3 20.fxg3 Ng4 21.Ndxe4 f5 22.Qe2
c5 23.dxc5 dxc5 24.Kh1 fxe4 25.Rxf8+ Qxf8 26.Qxg4 Bxc3 27.Qd7 Qf7 28.Qd6 
Rxa4 29.Kg1 Bg7 30.Rf1 Qe8 31.Qxb6 Qe7 32.h3 Ra6 33.Qb5 Rf6 34.Rd1 Rf7 35.
Qb6 Kh7 36.Bc2 Qf6 37.Qxf6 Bxf6 38.Rb1 Kg7 0-1

[Event "41st NED-ch"]
[Site "Hilversum NED"]
[Date "1985.06.21"]
[Round "7"]
[White "Hartoch, Robert"]
[Black "Douven, Rudy"]
[Result "1/2-1/2"]
[WhiteElo "2360"]
[BlackElo "2350"]
[EventDate "1985.06.14"]
[PlyCount "77"]

1.Nf3 Nf6 2.g3 g6 3.b3 Bg7 4.Bb2 O-O 5.Bg2 d6 6.d4 c6 7.O-O a5 8.c4 Qb6 9.
Nc3 a4 10.e4 Bg4 11.Rb1 axb3 12.axb3 Na6 13.Re1 Nd7 14.Na4 Qc7 15.h3 Bxf3 
16.Qxf3 Nb4 17.Qe2 Nb6 18.Bc3 Nxa4 19.Bxb4 Nb6 20.e5 Rfd8 21.h4 d5 22.c5 
Nd7 23.h5 Nf8 24.Bh3 Ra7 25.Ra1 Rda8 26.Rxa7 Rxa7 27.Qe3 h6 28.hxg6 fxg6 
29.Qc3 e6 30.Ra1 Rxa1+ 31.Qxa1 Qf7 32.Qd1 g5 33.Bg4 Qg6 34.Be2 Qf7 35.Bd2 
Ng6 36.Bd3 Ne7 37.Bc2 Nf5 38.Bc1 Bf8 39.Qd3 1/2-1/2

[Event "41st NED-ch"]
[Site "Hilversum NED"]
[Date "1985.06.21"]
[Round "7"]
[White "Langeweg, Christian"]
[Black "Kuijpers, Franciscus"]
[Result "0-1"]
[WhiteElo "2390"]
[BlackElo "2370"]
[EventDate "1985.06.14"]
[PlyCount "102"]

1.d4 d5 2.c4 c6 3.Nf3 Nf6 4.Nc3 dxc4 5.a4 Bf5 6.Ne5 e6 7.f3 Bb4 8.Bg5 h6 
9.Bh4 c5 10.dxc5 Qa5 11.Qd2 Qxc5 12.Nxc4 Nc6 13.e4 Rd8 14.Qf2 Bh7 15.Qxc5 
Bxc5 16.Bf2 Nd4 17.Rc1 Ke7 18.Be2 Bb4 19.Bd1 Ne8 20.O-O Nc7 21.Na2 Na6 22.
Nxb4 Nxb4 23.Na5 Rd7 24.Rc4 Nbc6 25.Nxc6+ Nxc6 26.Bc5+ Kf6 27.f4 g6 28.b4 
Rhd8 29.e5+ Kg7 30.Bd6 Ne7 31.Bf3 Nf5 32.Bc7 Rc8 33.Rfc1 b6 34.Bb7 Rg8 35.
Ba6 g5 36.fxg5 hxg5 37.Bd6 Rgd8 38.Bc7 Rd1+ 39.Rxd1 Rxd1+ 40.Kf2 Rd2+ 41.
Ke1 Rxg2 42.Bd8 Ne3 43.Bf6+ Kh6 44.Rc3 Nc2+ 45.Kf1 Be4 46.Rh3+ Kg6 47.Be2 
Nd4 48.Bh5+ Kf5 49.Re3 Rxh2 50.Bxf7 Bd5 51.Rg3 Nf3 0-1

[Event "41st NED-ch"]
[Site "Hilversum NED"]
[Date "1985.06.21"]
[Round "7"]
[White "Van der Sterren, Paul"]
[Black "Gelpke, Peter"]
[Result "1-0"]
[WhiteElo "2450"]
[BlackElo "2355"]
[EventDate "1985.06.14"]
[PlyCount "77"]

1.d4 Nf6 2.c4 e6 3.g3 Bb4+ 4.Bd2 Qe7 5.Bg2 Bxd2+ 6.Qxd2 d6 7.Nc3 O-O 8.Nf3
c6 9.O-O e5 10.e4 Bg4 11.Nh4 Nbd7 12.f4 exd4 13.Qxd4 Rfd8 14.Rfe1 Ne8 15.
h3 Be6 16.Bf1 f6 17.Rad1 a6 18.Nf5 Bxf5 19.exf5 Qf7 20.Bg2 Kh8 21.Re3 Nf8 
22.Rde1 Qh5 23.g4 Qh4 24.R1e2 h5 25.Qd3 Rac8 26.Rg3 d5 27.c5 Nd7 28.Na4 
Nc7 29.Re7 Ne8 30.Bf1 Kg8 31.Kg2 Kf8 32.Qe2 Nc7 33.gxh5 Re8 34.Rgxg7 Ne5 
35.Rxc7 Rxc7 36.Rxc7 Ng6 37.Rf7+ Kxf7 38.fxg6+ Kf8 39.g7+ 1-0

[Event "41st NED-ch"]
[Site "Hilversum NED"]
[Date "1985.06.21"]
[Round "7"]
[White "Welling, Gerard"]
[Black "Van der Wiel, John"]
[Result "0-1"]
[WhiteElo "2350"]
[BlackElo "2500"]
[EventDate "1985.06.14"]
[PlyCount "62"]

1.d4 Nf6 2.Nf3 g6 3.Nc3 d5 4.Bf4 c6 5.e3 Bg4 6.h3 Bxf3 7.Qxf3 Nbd7 8.Bd3 
Bg7 9.g4 O-O 10.h4 e5 11.dxe5 Ne8 12.Qg3 Qe7 13.Bg5 Qb4 14.f4 f6 15.exf6 
Qxb2 16.fxg7 Qxa1+ 17.Kd2 Qxh1 18.gxf8=Q+ Nxf8 19.f5 b5 20.Be7 Ng7 21.h5 
gxf5 22.gxf5 Qxh5 23.f6 Ng6 24.Qc7 Nxe7 25.Qxe7 Ne8 26.Qe6+ Qf7 27.Bxh7+ 
Kf8 28.Qxc6 Rd8 29.Qc5+ Nd6 30.Nxb5 Qxh7 31.Nxd6 Qh2+ 0-1

[Event "41st NED-ch"]
[Site "Hilversum NED"]
[Date "1985.06.23"]
[Round "8"]
[White "Boersma, Paulus"]
[Black "Van der Sterren, Paul"]
[Result "1/2-1/2"]
[WhiteElo "2380"]
[BlackElo "2450"]
[EventDate "1985.06.14"]
[PlyCount "108"]

1.d4 d5 2.c4 e6 3.Nc3 Nf6 4.cxd5 exd5 5.Bg5 c6 6.e3 Be7 7.Bd3 O-O 8.Qc2 
Nbd7 9.Nge2 Re8 10.h3 Nf8 11.O-O-O a5 12.a4 Bd7 13.Kb1 Ne4 14.Bxe7 Qxe7 
15.Bxe4 dxe4 16.g4 Be6 17.d5 Bxd5 18.Nxd5 cxd5 19.Rxd5 Rac8 20.Nc3 Rc5 21.
Rxc5 Qxc5 22.Rd1 h6 23.Rd4 Ne6 24.Qxe4 Qc7 25.f4 Rc8 26.Rd5 b6 27.h4 Nc5 
28.Qe5 Qxe5 29.Rxe5 Kf8 30.g5 Rc6 31.f5 hxg5 32.hxg5 Rd6 33.Kc2 Rd8 34.Rd5
Rxd5 35.Nxd5 Nxa4 36.b3 Nc5 37.Nxb6 Ne4 38.Nc4 Nxg5 39.Kd3 Ke7 40.e4 g6 
41.fxg6 fxg6 42.Ke3 Ne6 43.Nxa5 Kd6 44.b4 g5 45.Nb3 g4 46.Nd4 Nc7 47.Ne2 
Ne6 48.Nc3 Ke5 49.b5 Kd6 50.b6 Kc6 51.Na4 g3 52.Ke2 g2 53.Kf2 Ng5 54.e5 
Nf3 1/2-1/2

[Event "41st NED-ch"]
[Site "Hilversum NED"]
[Date "1985.06.23"]
[Round "8"]
[White "Kuijpers, Franciscus"]
[Black "Welling, Gerard"]
[Result "0-1"]
[WhiteElo "2370"]
[BlackElo "2350"]
[EventDate "1985.06.14"]
[PlyCount "134"]

1.e4 Nc6 2.Nf3 e5 3.Bb5 Nf6 4.Qe2 d6 5.c3 Be7 6.h3 O-O 7.O-O Bd7 8.d4 h6 
9.Rd1 a6 10.Bxc6 Bxc6 11.dxe5 Nxe4 12.Bf4 Ng5 13.Nd4 Ne6 14.Bg3 Nxd4 15.
cxd4 dxe5 16.dxe5 Qc8 17.Nc3 Qe6 18.Rd2 Rfd8 19.Rad1 b5 20.a3 Bb7 21.f3 c5
22.Kh2 Rxd2 23.Rxd2 Rd8 24.Rxd8+ Bxd8 25.Ne4 Be7 26.Qe3 Qd5 27.Nd6 Bc6 28.
Qc3 Bd8 29.b3 Bd7 30.Bf2 Bg5 31.Qxc5 Bf4+ 32.Kh1 Qxb3 33.Qd4 Bc1 34.Qa7 
Bc6 35.Qxa6 Qd1+ 36.Bg1 Qxf3 37.Qc8+ Kh7 38.Qf5+ Qxf5 39.Nxf5 Bxa3 40.Bd4 
Bd7 41.Ne3 Be6 42.Kg1 Kg8 43.Kf2 Kf8 44.Kf3 Ke8 45.Ke4 Kd7 46.Nc2 Bf8 47.
Bc3 Kc6 48.g4 Kb6 49.Bd2 Ba2 50.Kd4 Bc5+ 51.Kc3 Bd5 52.Kd3 Bg2 53.h4 Bd5 
54.Nb4 Be6 55.g5 h5 56.Be1 g6 57.Ke4 Bg1 58.Kd3 Ka5 59.Kc3 Ka4 60.Na6 Bc8 
61.Nb4 Bc5 62.Nd3 Bb6 63.Kb2 Bf5 64.Bf2 Bxf2 65.Nxf2 b4 66.Nd1 Kb5 67.Ne3 
Be4 0-1

[Event "41st NED-ch"]
[Site "Hilversum NED"]
[Date "1985.06.23"]
[Round "8"]
[White "Douven, Rudy"]
[Black "Ligterink, Gert"]
[Result "0-1"]
[WhiteElo "2350"]
[BlackElo "2450"]
[EventDate "1985.06.14"]
[PlyCount "58"]

1.d4 Nf6 2.Nf3 e6 3.c4 b6 4.g3 Bb4+ 5.Bd2 Bxd2+ 6.Qxd2 Ba6 7.b3 c6 8.Bg2 
d5 9.O-O O-O 10.Rc1 Nbd7 11.a4 Qe7 12.Na3 Rac8 13.Qb2 Ne4 14.b4 c5 15.bxc5
bxc5 16.cxd5 exd5 17.Nb5 Rfe8 18.Bh3 Rb8 19.Bxd7 Qxd7 20.dxc5 Bxb5 21.axb5
Rxb5 22.Rxa7 Qc6 23.Nd4 Rxb2 24.Nxc6 Rxe2 25.Ne7+ Kf8 26.Nxd5 Nxf2 27.Nf4 
Rd2 28.c6 Nd1 29.Kf1 Rf2+ 0-1

[Event "41st NED-ch"]
[Site "Hilversum NED"]
[Date "1985.06.23"]
[Round "8"]
[White "Gelpke, Peter"]
[Black "Langeweg, Christian"]
[Result "1/2-1/2"]
[WhiteElo "2355"]
[BlackElo "2390"]
[EventDate "1985.06.14"]
[PlyCount "46"]

1.d4 Nf6 2.c4 e6 3.Nf3 b6 4.Nc3 Bb4 5.Qc2 Bb7 6.a3 Bxc3+ 7.Qxc3 O-O 8.e3 
d6 9.b4 Nbd7 10.Bb2 a5 11.Bd3 axb4 12.axb4 Rxa1+ 13.Bxa1 Qa8 14.Be2 Qa2 
15.Bb2 Qb1+ 16.Bd1 Ra8 17.O-O Ra2 18.Bc1 Qa1 19.Qxa1 Rxa1 20.Bb2 Rb1 21.
Ba3 Ra1 22.Bb2 Ra2 23.Bc1 Ra1 1/2-1/2

[Event "41st NED-ch"]
[Site "Hilversum NED"]
[Date "1985.06.23"]
[Round "8"]
[White "Hartoch, Robert"]
[Black "Ree, Hans"]
[Result "1/2-1/2"]
[WhiteElo "2360"]
[BlackElo "2455"]
[EventDate "1985.06.14"]
[PlyCount "47"]

1.Nf3 d5 2.b3 Nf6 3.Bb2 e6 4.e3 Be7 5.d4 O-O 6.Bd3 c5 7.O-O Nc6 8.Nbd2 b6 
9.a3 Bb7 10.Re1 cxd4 11.exd4 Nh5 12.Ne5 g6 13.Ndf3 Bf6 14.Qd2 Bg7 15.Nxc6 
Bxc6 16.Ne5 Bb7 17.a4 a6 18.Re2 Nf6 19.f3 Nd7 20.Rae1 Qe7 21.Qf4 Rfc8 22.
Ng4 Nf6 23.Ne5 Nd7 24.Qe3 1/2-1/2

[Event "41st NED-ch"]
[Site "Hilversum NED"]
[Date "1985.06.23"]
[Round "8"]
[White "Van der Wiel, John"]
[Black "Bohm, Hans"]
[Result "1-0"]
[WhiteElo "2500"]
[BlackElo "2435"]
[EventDate "1985.06.14"]
[PlyCount "69"]

1.e4 e6 2.d4 d5 3.Nd2 Nf6 4.e5 Nfd7 5.c3 c5 6.Bd3 Nc6 7.Ne2 cxd4 8.cxd4 
Qb6 9.Nf3 f6 10.exf6 Nxf6 11.O-O Bd6 12.Nc3 O-O 13.Bg5 Bd7 14.Re1 Kh8 15.
Na4 Qa5 16.Nc3 a6 17.a3 b5 18.Bc2 Qc7 19.Qd3 Be8 20.Rxe6 Bg6 21.Qd2 Bxc2 
22.Bxf6 Be4 23.Nxe4 dxe4 24.Be5 exf3 25.Bxd6 Qd7 26.d5 Nd8 27.Bxf8 Nxe6 
28.Bb4 Nc7 29.Qf4 fxg2 30.Rd1 Rc8 31.Qd6 Qg4 32.Rc1 h5 33.Rxc7 Qd1+ 34.
Kxg2 Qg4+ 35.Kf1 1-0

[Event "41st NED-ch"]
[Site "Hilversum NED"]
[Date "1985.06.24"]
[Round "9"]
[White "Bohm, Hans"]
[Black "Kuijpers, Franciscus"]
[Result "1/2-1/2"]
[WhiteElo "2435"]
[BlackElo "2370"]
[EventDate "1985.06.14"]
[PlyCount "81"]

1.d4 d5 2.c4 c6 3.cxd5 cxd5 4.Nc3 Nf6 5.Nf3 Nc6 6.Bf4 Bf5 7.e3 e6 8.Ne5 
Nxe5 9.Bxe5 Nd7 10.Bb5 a6 11.Bxd7+ Qxd7 12.O-O f6 13.Bg3 b5 14.Rc1 Rc8 15.
Ne2 Rc4 16.b3 Rxc1 17.Qxc1 Be7 18.Qc3 b4 19.Qd2 Kf7 20.Rc1 Rc8 21.f3 Rxc1+
22.Qxc1 Qb5 23.Kf2 Qd3 24.Qc7 Qc2 25.Ke1 Qxc7 26.Bxc7 Ke8 27.Kd2 Kd7 28.
Ba5 Bd6 29.Nf4 g5 30.Nd3 Bxd3 31.Kxd3 Bxh2 32.Bxb4 h5 33.e4 f5 34.exd5 
exd5 35.Be1 Bd6 36.a4 Kc6 37.b4 Be7 38.Ke3 Bf6 39.Bc3 Bg7 40.Kf2 Bf6 41.g4
1/2-1/2

[Event "41st NED-ch"]
[Site "Hilversum NED"]
[Date "1985.06.24"]
[Round "9"]
[White "Langeweg, Christian"]
[Black "Boersma, Paulus"]
[Result "1/2-1/2"]
[WhiteElo "2390"]
[BlackElo "2380"]
[EventDate "1985.06.14"]
[PlyCount "37"]

1.d4 e6 2.Nf3 c5 3.g3 b6 4.d5 exd5 5.Qxd5 Nc6 6.Bg2 Nf6 7.Qd1 Ba6 8.O-O 
Be7 9.Nh4 O-O 10.Nc3 g6 11.Re1 Rc8 12.e4 d6 13.f4 Re8 14.Nf3 Bf8 15.h3 Bg7
16.g4 b5 17.g5 Nh5 18.a3 b4 19.axb4 1/2-1/2

[Event "41st NED-ch"]
[Site "Hilversum NED"]
[Date "1985.06.24"]
[Round "9"]
[White "Ligterink, Gert"]
[Black "Van der Wiel, John"]
[Result "0-1"]
[WhiteElo "2450"]
[BlackElo "2500"]
[EventDate "1985.06.14"]
[PlyCount "68"]

1.d4 Nf6 2.c4 e6 3.Nf3 c5 4.d5 b5 5.dxe6 fxe6 6.cxb5 d5 7.e3 Bd6 8.Nc3 
Nbd7 9.Bd3 Bb7 10.e4 d4 11.Nb1 Nxe4 12.Qe2 Ndf6 13.Nbd2 Nxd2 14.Bxd2 Bd5 
15.O-O O-O 16.b4 Ng4 17.Ng5 Bxh2+ 18.Kh1 Bf4 19.Qxg4 Bxd2 20.Bxh7+ Kh8 21.
f4 Qf6 22.Be4 Qh6+ 23.Qh3 Qxh3+ 24.gxh3 Bxb4 25.Bxd5 exd5 26.Ne6 Rf6 27.f5
Re8 28.Rad1 Kh7 29.Nc7 Re5 30.Na6 Ba3 31.Rf3 Re3 32.Rd3 Rxd3 33.Rxd3 Rxa6 
34.bxa6 c4 0-1

[Event "41st NED-ch"]
[Site "Hilversum NED"]
[Date "1985.06.24"]
[Round "9"]
[White "Ree, Hans"]
[Black "Douven, Rudy"]
[Result "1/2-1/2"]
[WhiteElo "2455"]
[BlackElo "2350"]
[EventDate "1985.06.14"]
[PlyCount "54"]

1.c4 c5 2.g3 Nc6 3.Bg2 g6 4.Nc3 Bg7 5.d3 e6 6.Nf3 Nge7 7.Bf4 d5 8.Qc1 O-O 
9.cxd5 exd5 10.Bh6 b6 11.Bxg7 Kxg7 12.d4 Ba6 13.Qd2 Nf5 14.dxc5 d4 15.Ne4 
Re8 16.Qf4 bxc5 17.g4 Qb8 18.Qxb8 Raxb8 19.gxf5 Rxe4 20.Ng1 gxf5 21.Bxe4 
fxe4 22.b3 c4 23.bxc4 Bxc4 24.Rc1 Na5 25.Rd1 Nc6 26.Rc1 Na5 27.Rd1 Nc6 
1/2-1/2

[Event "41st NED-ch"]
[Site "Hilversum NED"]
[Date "1985.06.24"]
[Round "9"]
[White "Van der Sterren, Paul"]
[Black "Hartoch, Robert"]
[Result "1-0"]
[WhiteElo "2450"]
[BlackElo "2360"]
[EventDate "1985.06.14"]
[PlyCount "49"]

1.d4 Nf6 2.c4 e6 3.Nc3 c5 4.d5 exd5 5.cxd5 g6 6.Nf3 Bg7 7.Bf4 d6 8.Qa4+ 
Bd7 9.Qb3 Qc7 10.e4 O-O 11.Nd2 Nh5 12.Be3 f5 13.exf5 gxf5 14.Be2 f4 15.
Bxc5 f3 16.Bxf3 Rxf3 17.gxf3 Qxc5 18.Qxb7 Bxc3 19.bxc3 Qxc3 20.O-O Bh3 21.
Kh1 Bxf1 22.Rxf1 Qxd2 23.Qc8+ Kf7 24.Qe6+ Kf8 25.Rg1 1-0

[Event "41st NED-ch"]
[Site "Hilversum NED"]
[Date "1985.06.24"]
[Round "9"]
[White "Welling, Gerard"]
[Black "Gelpke, Peter"]
[Result "0-1"]
[WhiteElo "2350"]
[BlackElo "2355"]
[EventDate "1985.06.14"]
[PlyCount "92"]

1.c3 Nf6 2.d4 g6 3.Bg5 Bg7 4.Nd2 d5 5.e3 O-O 6.Bd3 c5 7.Ne2 Nbd7 8.O-O e5 
9.h3 h6 10.Bh4 Re8 11.f4 cxd4 12.cxd4 e4 13.Bc2 b5 14.a4 b4 15.a5 Ba6 16.
Ba4 Qc7 17.Nb3 Rec8 18.Rc1 Bc4 19.Qd2 Qd8 20.Ra1 Rc7 21.Rfe1 Qc8 22.f5 Qa6
23.fxg6 fxg6 24.Bg3 Rcc8 25.Nf4 Kh7 26.Qd1 Bf8 27.Bxd7 Nxd7 28.Qg4 Qc6 29.
Nd2 h5 30.Qd1 Nf6 31.b3 Bb5 32.Bh4 Bg7 33.Rc1 Qd7 34.Nf1 Rxc1 35.Qxc1 Rc8 
36.Qd2 Rc3 37.Qf2 Ng8 38.g4 hxg4 39.Nh2 gxh3 40.Bg5 Bh6 41.Qh4 Qf5 42.Bxh6
Nxh6 43.Qe7+ Nf7 44.Qxb4 Rc2 45.Qf8 g5 46.Nxh3 Kg6 0-1

[Event "41st NED-ch"]
[Site "Hilversum NED"]
[Date "1985.06.25"]
[Round "10"]
[White "Boersma, Paulus"]
[Black "Welling, Gerard"]
[Result "1-0"]
[WhiteElo "2380"]
[BlackElo "2350"]
[EventDate "1985.06.14"]
[PlyCount "41"]

1.d4 b5 2.e4 a6 3.Be3 e6 4.Nd2 Bb7 5.Bd3 Nf6 6.c3 d5 7.e5 Ne4 8.Nf1 f5 9.
exf6 Nxf6 10.Nf3 Bd6 11.Ng3 Nbd7 12.O-O e5 13.dxe5 Nxe5 14.Nxe5 Bxe5 15.
Bc5 Bd6 16.Re1+ Kf7 17.Bxd6 Qxd6 18.Nf5 Qd7 19.Re7+ Qxe7 20.Nxe7 Kxe7 21.
Qf3 1-0

[Event "41st NED-ch"]
[Site "Hilversum NED"]
[Date "1985.06.25"]
[Round "10"]
[White "Kuijpers, Franciscus"]
[Black "Ligterink, Gert"]
[Result "1-0"]
[WhiteElo "2370"]
[BlackElo "2450"]
[EventDate "1985.06.14"]
[PlyCount "55"]

1.e4 c5 2.Nf3 d6 3.d4 cxd4 4.Nxd4 Nf6 5.Nc3 Nc6 6.Bg5 e6 7.Qd2 Be7 8.O-O-O
O-O 9.Nb3 a6 10.h4 b5 11.Bxf6 gxf6 12.g4 b4 13.Ne2 Kh8 14.Ned4 Nxd4 15.
Nxd4 Bb7 16.Bd3 Rg8 17.f3 a5 18.Ne2 Qb6 19.Kb1 a4 20.Rhg1 d5 21.g5 dxe4 
22.fxe4 Qc5 23.Qf4 a3 24.gxf6 Bd6 25.Qh6 Qe5 26.Nc3 Qf4 27.Rg5 Rxg5 28.e5 
1-0

[Event "41st NED-ch"]
[Site "Hilversum NED"]
[Date "1985.06.25"]
[Round "10"]
[White "Douven, Rudy"]
[Black "Van der Wiel, John"]
[Result "0-1"]
[WhiteElo "2350"]
[BlackElo "2500"]
[EventDate "1985.06.14"]
[PlyCount "110"]

1.d4 Nf6 2.Nf3 g6 3.c4 Bg7 4.Nc3 O-O 5.e4 d6 6.Be2 e5 7.Be3 h6 8.dxe5 Ng4 
9.Bf4 Nxe5 10.O-O Nxf3+ 11.Bxf3 Nc6 12.Qd2 Kh7 13.Rae1 Be6 14.b3 Qf6 15.
Nd5 Bxd5 16.cxd5 Nd4 17.Bd1 Rfe8 18.Bg3 Nb5 19.Qd3 a6 20.a4 Qc3 21.Qxc3 
Nxc3 22.Bc2 Bd4 23.Bf4 f5 24.exf5 Ne2+ 25.Rxe2 Rxe2 26.fxg6+ Kg7 27.Bd3 
Rb2 28.g4 Re8 29.h4 Rxb3 30.Rd1 Bc5 31.Bg3 Rb4 32.Bf5 Re2 33.Bd3 Re7 34.
Bf5 Rxa4 35.Rd2 Rd4 36.Ra2 Bb4 37.h5 Rd2 38.Ra1 Rxd5 39.Kg2 Re1 40.Ra2 Rd2
41.Ra4 Rd4 42.Ra2 a5 43.Rc2 c5 44.f4 Red1 45.g5 R1d2+ 46.Kf3 Rxc2 47.Bxc2 
Bd2 48.gxh6+ Kxh6 49.Be4 d5 50.Bb1 Ra4 51.f5 Ra3+ 52.Kg4 Rxg3+ 53.Kxg3 Bg5
54.Kf3 a4 55.Ke2 c4 0-1

[Event "41st NED-ch"]
[Site "Hilversum NED"]
[Date "1985.06.25"]
[Round "10"]
[White "Gelpke, Peter"]
[Black "Bohm, Hans"]
[Result "1/2-1/2"]
[WhiteElo "2355"]
[BlackElo "2435"]
[EventDate "1985.06.14"]
[PlyCount "81"]

1.d4 e6 2.c4 f5 3.Nc3 Nf6 4.e3 Bb4 5.Bd2 O-O 6.Bd3 c5 7.Nge2 d6 8.Qc2 Nc6 
9.a3 Bxc3 10.Bxc3 a5 11.h3 Qe7 12.dxc5 dxc5 13.g4 e5 14.gxf5 Nd4 15.exd4 
cxd4 16.O-O-O dxc3 17.Nxc3 Bd7 18.Rhe1 Qc5 19.Re3 Rfe8 20.Qe2 Bc6 21.Ne4 
Qe7 22.Nxf6+ Qxf6 23.Qg4 Rad8 24.Be4 Rxd1+ 25.Kxd1 Rd8+ 26.Kc1 Rd4 27.Qe2 
Qg5 28.Bxc6 bxc6 29.Kb1 Qxf5+ 30.Ka2 e4 31.f3 Qxh3 32.Rxe4 Rxe4 33.Qxe4 
Qd7 34.b4 a4 35.Qc2 h5 36.Qxa4 Qd2+ 37.Kb1 Qd3+ 38.Qc2 Qxa3 39.b5 Qxf3 40.
b6 c5 41.Qb2 1/2-1/2

[Event "41st NED-ch"]
[Site "Hilversum NED"]
[Date "1985.06.25"]
[Round "10"]
[White "Hartoch, Robert"]
[Black "Langeweg, Christian"]
[Result "0-1"]
[WhiteElo "2360"]
[BlackElo "2390"]
[EventDate "1985.06.14"]
[PlyCount "84"]

1.d4 Nf6 2.c3 g6 3.Bg5 Bg7 4.Nd2 d5 5.e3 O-O 6.Bd3 c5 7.f4 Ng4 8.Qe2 Qb6 
9.h3 Nxe3 10.Qxe3 cxd4 11.Qe2 Qxb2 12.Rb1 Qxc3 13.Rb3 Qc7 14.Ngf3 Nc6 15.
f5 Bxf5 16.Bxf5 gxf5 17.O-O h6 18.Bh4 e6 19.Nh2 Qe5 20.Qh5 f4 21.Qxe5 Nxe5
22.Rxb7 Ng6 23.Bf2 e5 24.Nb3 a5 25.Rd1 a4 26.Nxd4 exd4 27.Bxd4 Rfb8 28.
Rxb8+ Rxb8 29.Nf3 Bf8 30.Kf2 Rc8 31.Ke2 Rc2+ 32.Rd2 Rc1 33.Rd1 Rxd1 34.
Kxd1 Bd6 35.Kc2 Kf8 36.Bf6 Ke8 37.Kc3 Kd7 38.Kd4 Kc6 39.Kd3 h5 40.Nd4+ Kc5
41.Nf3 Kc6 42.Kc3 Bc5 0-1

[Event "41st NED-ch"]
[Site "Hilversum NED"]
[Date "1985.06.25"]
[Round "10"]
[White "Ree, Hans"]
[Black "Van der Sterren, Paul"]
[Result "0-1"]
[WhiteElo "2455"]
[BlackElo "2450"]
[EventDate "1985.06.14"]
[PlyCount "72"]

1.e4 d6 2.d4 Nf6 3.f3 g6 4.c4 Bg7 5.Nc3 O-O 6.Be3 b6 7.Bd3 Nfd7 8.Nge2 c5 
9.Bc2 Nc6 10.d5 Nb4 11.Bb1 Ne5 12.b3 b5 13.cxb5 a6 14.b6 a5 15.a3 Na6 16.
O-O Qxb6 17.Bc2 Nc7 18.Rb1 Nb5 19.Nxb5 Qxb5 20.a4 Qb4 21.h3 Ba6 22.f4 Nd7 
23.Re1 Rfc8 24.Kh2 Rab8 25.Bd2 Qb6 26.Ng3 Qc7 27.Qf3 c4 28.bxc4 Qxc4 29.
Rxb8 Rxb8 30.Bd1 Rb2 31.Be3 Qb4 32.Rg1 Nc5 33.e5 dxe5 34.d6 exd6 35.fxe5 
Bxe5 36.Kh1 Bb7 0-1

[Event "41st NED-ch"]
[Site "Hilversum NED"]
[Date "1985.06.27"]
[Round "11"]
[White "Bohm, Hans"]
[Black "Boersma, Paulus"]
[Result "1-0"]
[WhiteElo "2435"]
[BlackElo "2380"]
[EventDate "1985.06.14"]
[PlyCount "145"]

1.e4 c5 2.c4 Nc6 3.Nc3 g6 4.g3 Bg7 5.Bg2 d6 6.Nge2 e6 7.O-O Nge7 8.a3 O-O 
9.Rb1 b6 10.b4 Bb7 11.d3 Qd7 12.Be3 Rfd8 13.Qd2 Nd4 14.Bg5 Re8 15.Nxd4 
cxd4 16.Ne2 f6 17.Bh6 e5 18.h4 b5 19.Bxg7 Kxg7 20.cxb5 Qxb5 21.Bh3 d5 22.
f3 Bc8 23.Bxc8 Raxc8 24.Qd1 f5 25.a4 Qd7 26.Kh2 Rf8 27.Rc1 Rxc1 28.Nxc1 
fxe4 29.dxe4 dxe4 30.fxe4 Rxf1 31.Qxf1 Qxa4 32.Nd3 Qa2+ 33.Kh3 Qe6+ 34.Kg2
Qa2+ 35.Nf2 Ng8 36.Qb5 Nf6 37.Qxe5 d3 38.Qe7+ Qf7 39.Qd6 Qb7 40.Kf3 a6 41.
Qd4 d2 42.Qxd2 Qb5 43.Qd4 Kf7 44.g4 h6 45.Nd3 g5 46.h5 a5 47.bxa5 Qxa5 48.
Qd6 Qc3 49.e5 Ng8 50.Qd5+ Kg7 51.Qd7+ Kf8 52.Qd8+ Kg7 53.Ke3 Qa1 54.Qd7+ 
Kf8 55.Qd6+ Kg7 56.Qd7+ Kf8 57.Ke4 Ne7 58.Qd6 Qh1+ 59.Kd4 Qg1+ 60.Kc3 Qxg4
61.Qxh6+ Ke8 62.Qh8+ Kf7 63.Qf6+ Ke8 64.Qh8+ Kf7 65.Qf6+ Ke8 66.Qd6 Qxh5 
67.e6 Kf8 68.Ne5 Qe8 69.Kd2 Kg8 70.Nf7 Ng6 71.Nh6+ Kg7 72.Qd7+ Kf8 73.Nf5 
1-0

[Event "41st NED-ch"]
[Site "Hilversum NED"]
[Date "1985.06.27"]
[Round "11"]
[White "Langeweg, Christian"]
[Black "Ree, Hans"]
[Result "1/2-1/2"]
[WhiteElo "2390"]
[BlackElo "2455"]
[EventDate "1985.06.14"]
[PlyCount "33"]

1.d4 d5 2.Nf3 Nf6 3.c4 dxc4 4.Nc3 c6 5.a4 Bg4 6.Ne5 Bh5 7.f3 Nfd7 8.Nxc4 
e5 9.Ne4 Bb4+ 10.Bd2 Qe7 11.Bxb4 Qxb4+ 12.Qd2 Qxd2+ 13.Kxd2 exd4 14.Ned6+ 
Kd8 15.Nxb7+ Kc7 16.Nba5 Na6 17.e3 1/2-1/2

[Event "41st NED-ch"]
[Site "Hilversum NED"]
[Date "1985.06.27"]
[Round "11"]
[White "Ligterink, Gert"]
[Black "Gelpke, Peter"]
[Result "1/2-1/2"]
[WhiteElo "2450"]
[BlackElo "2355"]
[EventDate "1985.06.14"]
[PlyCount "76"]

1.d4 Nf6 2.c4 e6 3.Nf3 d5 4.Nc3 c5 5.cxd5 Nxd5 6.e3 cxd4 7.exd4 Be7 8.Bd3 
Nc6 9.O-O O-O 10.Re1 Nf6 11.a3 Qd6 12.Bc2 Rd8 13.Be3 b6 14.Qd3 Bb7 15.Rad1
Rac8 16.Bg5 g6 17.Qd2 Nd5 18.Nxd5 Qxd5 19.Be4 Bxg5 20.Nxg5 Qd6 21.d5 Ne5 
22.Qf4 exd5 23.Bxd5 Bxd5 24.Rxe5 Qc7 25.h4 h6 26.Nh3 Be6 27.Rxd8+ Qxd8 28.
Qxh6 Bxh3 29.gxh3 Qd4 30.Qe3 Qxb2 31.Kg2 Qc3 32.Re8+ Kg7 33.Rxc8 Qxc8 34.
Qe5+ Kg8 35.h5 Qc6+ 36.Kg3 gxh5 37.Qb8+ Kg7 38.Qxa7 Qd6+ 1/2-1/2